| Поле | Инд. | ПП | Название | Значение |
|---|---|---|---|---|
| Тип записи | a | |||
| Библиографический уровень | m | |||
| 001 | Контрольный номер | a3d3e549-f7ec-4ba0-b817-3c2f459d4620 | ||
| 005 | Дата корректировки | 20131112040201.3 | ||
| 008 | Кодируемые данные | 960426 d | ||
| 020 | c | Цена, тираж | 1-31 | |
| 040 | a | Служба первич. каталог. | НБ ТвГУ | |
| 041 | a | Код языка текста | rus | |
| 080 | a | Индекс УДК | 531(075.8) | |
| 084 | a | Индекс другой классификации/Индекс ББК | В21я731-1 | |
| 090 | x | Авторский знак | О-56 | |
| a | Полочн. индекс | 531 | ||
| 100 | 1_ | a | Автор | Ольховский Игорь Иванович |
| 245 | 10 | a | Заглавие | Курс теоретической механики для физиков |
| b | Продолж. заглавия | [Для вузов по спец. "Физика"] | ||
| c | Ответственность | И. И. Ольховский | ||
| 250 | a | Основные сведения об издании | 2-е изд. | |
| b | Дополнительные сведения об издании | перераб. и доп. | ||
| 260 | 0_ | a | Место издания | Москва |
| b | Издательство | Московский государственный университет | ||
| c | Дата издания | 1974 | ||
| 300 | a | Объем | 569 с. | |
| b | Иллюстрации/ тип воспроизводства | черт. | ||
| 504 | a | Библиография | Библиогр.: с.568-569. | |
| 650 | a | Основная рубрика | Механика теоретическая | |
| x | Основная подрубрика | Учебники для вузов | ||
| 653 | a | Ключевые слова | Механика | |
| a | Ключевые слова | Теоретическая механика | ||
| a | Ключевые слова | Учебники | ||
| 852 | t | Порядковый номер экземпляра | 23 | |
| p | Инвентарный номер | 396326 | ||
| p | Инвентарный номер | 257 - 21 экз. | ||
| p | Инвентарный номер | 396327 | ||
| 930 | a | Новая/Ретро | учебники | |
| 954 | a | Дата поступления на обработку | 20011201 | |
| 999 | a | Подразделение 2 | Фил3 |